Data Structures and Algorithms / (Record no. 617130)

000 -LEADER
fixed length control field 00527nam a22001697a 4500
003 - CONTROL NUMBER IDENTIFIER
control field NUST
005 - DATE AND TIME OF LATEST TRANSACTION
control field 20260416150245.0
008 - FIXED-LENGTH DATA ELEMENTS--GENERAL INFORMATION
fixed length control field 260416b ||||| |||| 00| 0 eng d
020 ## - INTERNATIONAL STANDARD BOOK NUMBER
International Standard Book Number 0-201-00023-7
082 ## - DEWEY DECIMAL CLASSIFICATION NUMBER
Classification number 005.73
Author Mark AHO
100 ## - MAIN ENTRY--PERSONAL NAME
Personal name Alfred V. Aho, John E. Hopcroft, Jeffrey D. Ullman.
9 (RLIN) 134178
245 ## - TITLE STATEMENT
Title Data Structures and Algorithms /
Statement of responsibility, etc. Alfred V. Aho, John E. Hopcroft, Jeffrey D. Ullman.
260 ## - PUBLICATION, DISTRIBUTION, ETC.
Name of publisher, distributor, etc. Bell Telephone Laboratories,
Date of publication, distribution, etc. 1983.
300 ## - PHYSICAL DESCRIPTION
Extent 427 p ;
Dimensions 36.5 cm
563 ## - BINDING INFORMATION
Binding note Hardcover
942 ## - ADDED ENTRY ELEMENTS (KOHA)
Source of classification or shelving scheme
Koha item type Book
Holdings
Withdrawn status Lost status Source of classification or shelving scheme Damaged status Not for loan Permanent Location Current Location Date acquired Total Checkouts Full call number Barcode Date last seen Price effective from Koha item type
          Institute of Geographical Information Systems (IGIS) Institute of Geographical Information Systems (IGIS) 04/16/2026   005.73 AHO IGIS-653 04/16/2026 04/16/2026 Book
© 2023 Central Library, National University of Sciences and Technology. All Rights Reserved.